World importers directory. 1999 (Record no. 41519)

MARC details
000 -LEADER
fixed length control field 00278nam a2200109Ia 4500
082 ## - DEWEY DECIMAL CLASSIFICATION NUMBER
Classification number 339.562(058)
Item number WOR
245 #0 - TITLE STATEMENT
Title World importers directory. 1999
250 ## - EDITION STATEMENT
Edition statement Ed.13
260 ## - PUBLICATION, DISTRIBUTION, ETC. (IMPRINT)
Place of publication Delhi
Name of publisher Anupam Publishers
Year of publication 1999
942 ## - ADDED ENTRY ELEMENTS (KOHA)
Koha item type Books
Holdings
Withdrawn status Lost status Damaged status Not for loan Home library Current library Date acquired Cost, normal purchase price Full call number Accession Number Koha item type
        RRII Library RRII Library 16/12/2021 850.00 339.562(058) WOR 21805 Books